[Event "Szuperliga - GM Szabo Laszlo"]
[Site "Gyongyossolymos"]
[Date "2023.12.10"]
[Round "3.8"]
[White "Onodi, Tamas"]
[Black "Krstic, Uros"]
[Result "1-0"]
[WhiteElo "1996"]
[BlackElo "2328"]
[PlyCount "93"]
[EventDate "2023.10.28"]
[EventType "team-tourn"]
[EventRounds "9"]
[EventCountry "HUN"]
[Source "chess.hu"]
[WhiteTeam "Kekesi SE"]
[BlackTeam "Haladas VSE"]
[WhiteTeamCountry "HUN"]
[BlackTeamCountry "HUN"]

1. e4 d5 2. exd5 Qxd5 3. Nc3 Qd6 4. d4 Nf6 5. Nf3 c6 6. g3 Bf5 7. Bg2 e6 8. O-O
Be7 9. a3 h6 10. Qe2 O-O 11. Be3 Qd8 12. Ne5 Nbd7 13. Rad1 Nd5 14. Ne4 Nxe3 15.
Qxe3 Qc7 16. Nxd7 Qxd7 17. c4 Rfd8 18. Rd2 Qc7 19. Nc3 Qb6 20. d5 Qxe3 21. fxe3
Bc5 22. Re1 cxd5 23. cxd5 Rac8 24. Kh1 Bxa3 25. bxa3 Rxc3 26. d6 b6 27. e4 Bg6
28. e5 Bf5 29. h3 h5 30. Rd4 f6 31. g4 hxg4 32. hxg4 Bg6 33. exf6 gxf6 34. Rxe6
Rd3 35. Rxd3 Bxd3 36. Rxf6 Kg7 37. g5 Bc4 38. Bc6 a6 39. Kg2 Rc8 40. d7 Rd8 41.
Kf3 b5 42. Ke4 a5 43. Ke5 b4 44. axb4 axb4 45. Kd6 b3 46. Kc7 b2 47. Be4 1-0

[Event "Szuperliga - GM Szabo Laszlo"]
[Site "Gyongyossolymos"]
[Date "2023.12.10"]
[Round "3.9"]
[White "Szukics, Adam"]
[Black "Onodi, Miklos"]
[Result "1-0"]
[WhiteElo "2154"]
[BlackElo "1993"]
[PlyCount "115"]
[EventDate "2023.10.28"]
[EventType "team-tourn"]
[EventRounds "9"]
[EventCountry "HUN"]
[Source "chess.hu"]
[WhiteTeam "Haladas VSE"]
[BlackTeam "Kekesi SE"]
[WhiteTeamCountry "HUN"]
[BlackTeamCountry "HUN"]

1. e4 Nf6 2. e5 Nd5 3. d4 d6 4. c4 Nb6 5. exd6 cxd6 6. Nc3 g6 7. Be3 Bg7 8. Rc1
O-O 9. b3 Bf5 10. Nf3 d5 11. c5 Nc8 12. h3 Be4 13. Ng5 Nc6 14. Ncxe4 dxe4 15.
Bc4 Nxd4 16. O-O e6 17. Nxe4 h6 18. Qd2 Nf5 19. Rfd1 Qxd2 20. Rxd2 Nxe3 21.
fxe3 b6 22. c6 Ne7 23. c7 a6 24. Rd7 Nc8 25. a4 Be5 26. Bd3 Ra7 27. Rc6 Re8 28.
g4 Ra8 29. Kg2 Kg7 30. a5 b5 31. Nc5 Re7 32. Rxe7 Nxe7 33. Rxa6 Rc8 34. Bxb5
Rxc7 35. Nd3 Bc3 36. Kf3 Kf6 37. Nf2 Bb4 38. Ra8 Nc8 39. a6 Ke7 40. Rb8 Na7 41.
h4 f5 42. Nd3 Bd6 43. Nf4 g5 44. hxg5 hxg5 45. Ne2 Kf6 46. Nd4 f4 47. Rb6 Nc8
48. Rc6 e5 49. a7 Rxa7 50. Nf5 Rc7 51. Nxd6 Nxd6 52. Rxd6+ Ke7 53. Rd3 Rb7 54.
Bc4 Kf6 55. Rd6+ Ke7 56. Re6+ Kf8 57. Rxe5 fxe3 58. Kxe3 1-0

[Event "Szuperliga - GM Szabo Laszlo"]
[Site "Gyongyossolymos"]
[Date "2023.12.10"]
[Round "3.10"]
[White "Balsai, Nikolett"]
[Black "Gombocz, Zsofia"]
[Result "1-0"]
[WhiteElo "1938"]
[BlackElo "2120"]
[PlyCount "61"]
[EventDate "2023.10.28"]
[EventType "team-tourn"]
[EventRounds "9"]
[EventCountry "HUN"]
[Source "chess.hu"]
[WhiteTeam "Kekesi SE"]
[BlackTeam "Haladas VSE"]
[WhiteTeamCountry "HUN"]
[BlackTeamCountry "HUN"]

1. b3 d5 2. Bb2 Nf6 3. e3 c5 4. f4 Nc6 5. Bb5 Qb6 6. Qe2 Bg4 7. Nf3 Bxf3 8.
gxf3 d4 9. Na3 O-O-O 10. Nc4 Qc7 11. Bxc6 Qxc6 12. Ne5 Qd5 13. O-O-O Nd7 14. c4
Qe6 15. exd4 cxd4 16. Bxd4 f6 17. f5 Qxf5 18. Nf7 e5 19. Bb2 Nc5 20. d4 exd4
21. Nxd8 Bd6 22. Bxd4 Rxd8 23. Bxc5 Qxc5 24. Kb1 Qa3 25. Qd3 b6 26. Rd2 Kc7 27.
Rhd1 g6 28. Qd5 a5 29. Qf7+ Rd7 30. Qxf6 a4 31. c5 1-0

[Event "Szuperliga - GM Szabo Laszlo"]
[Site "Paks"]
[Date "2023.12.10"]
[Round "3.1"]
[White "Sjugirov, Sanan"]
[Black "Kozak, Adam"]
[Result "1-0"]
[WhiteElo "2703"]
[BlackElo "2588"]
[PlyCount "85"]
[EventDate "2023.10.28"]
[EventType "team-tourn"]
[EventRounds "9"]
[EventCountry "HUN"]
[Source "chess.hu"]
[WhiteTeam "Sentimento Ajka BSK"]
[BlackTeam "ASE Paks"]
[WhiteTeamCountry "HUN"]
[BlackTeamCountry "HUN"]

1. e4 e5 2. Nf3 Nc6 3. Bb5 Nf6 4. d3 Bc5 5. Ba4 O-O 6. O-O Re8 7. Bg5 h6 8. Bh4
Be7 9. Nbd2 d6 10. c3 Bd7 11. Bg3 Nh5 12. Nc4 Nxg3 13. hxg3 Bg5 14. Re1 Rb8 15.
Ne3 b5 16. Bc2 Bxe3 17. Rxe3 b4 18. d4 bxc3 19. bxc3 Na5 20. Re1 Bb5 21. Rb1 c6
22. Bd3 Qe7 23. Qe2 Bxd3 24. Qxd3 Rb6 25. Rb4 Nb7 26. Rxb6 axb6 27. Qa6 Qc7 28.
Rb1 exd4 29. cxd4 Rxe4 30. Rxb6 Nd8 31. a4 g5 32. Rb1 Ne6 33. Rb7 Qd8 34. Qxc6
Re2 35. Qc4 Re4 36. Qd5 Re2 37. a5 Kg7 38. a6 Qc8 39. a7 Qc1+ 40. Kh2 Rxf2 41.
a8=Q Rf1 42. Rxf7+ Kxf7 43. Qf5+ 1-0

[Event "Szuperliga - GM Szabo Laszlo"]
[Site "Paks"]
[Date "2023.12.10"]
[Round "3.2"]
[White "Papp, Gabor"]
[Black "Sarana, Alexey"]
[Result "1/2-1/2"]
[WhiteElo "2544"]
[BlackElo "2688"]
[PlyCount "61"]
[EventDate "2023.10.28"]
[EventType "team-tourn"]
[EventRounds "9"]
[EventCountry "HUN"]
[Source "chess.hu"]
[WhiteTeam "ASE Paks"]
[BlackTeam "Sentimento Ajka BSK"]
[WhiteTeamCountry "HUN"]
[BlackTeamCountry "HUN"]

1. e4 c5 2. Nf3 e6 3. d4 cxd4 4. Nxd4 Nf6 5. Nc3 Nc6 6. Be2 d6 7. O-O Be7 8.
Nxc6 bxc6 9. Qd3 O-O 10. Qg3 d5 11. e5 Ne8 12. Na4 c5 13. c4 d4 14. b3 Bb7 15.
Nb2 f5 16. Bf3 Qc8 17. Bxb7 Qxb7 18. Nd3 a5 19. Qf3 Qxf3 20. gxf3 Nc7 21. Bd2
Rfb8 22. Rab1 Kf7 23. f4 Rb7 24. Rb2 Ke8 25. Rfb1 Kd7 26. Kf1 Kc6 27. Ke2 Raa7
28. Kd1 Kd7 29. Ke2 Kc6 30. Kd1 Kd7 31. Ke2 1/2-1/2

[Event "Szuperliga - GM Szabo Laszlo"]
[Site "Paks"]
[Date "2023.12.10"]
[Round "3.3"]
[White "Banusz, Tamas"]
[Black "Berkes, Ferenc"]
[Result "1/2-1/2"]
[WhiteElo "2621"]
[BlackElo "2613"]
[PlyCount "62"]
[EventDate "2023.10.28"]
[EventType "team-tourn"]
[EventRounds "9"]
[EventCountry "HUN"]
[Source "chess.hu"]
[WhiteTeam "Sentimento Ajka BSK"]
[BlackTeam "ASE Paks"]
[WhiteTeamCountry "HUN"]
[BlackTeamCountry "HUN"]

1. c4 e6 2. Nf3 d5 3. d4 Nf6 4. Nc3 Be7 5. Bf4 O-O 6. e3 b6 7. cxd5 Nxd5 8.
Nxd5 Qxd5 9. a3 Bd6 10. Bxd6 cxd6 11. Bd3 Ba6 12. O-O Bxd3 13. Qxd3 Nd7 14.
Rac1 Ne5 15. Nxe5 dxe5 16. Rc4 Rac8 17. Rfc1 Rxc4 18. Qxc4 Qxc4 19. Rxc4 Rd8
20. Rc7 exd4 21. exd4 a5 22. Rb7 h5 23. Rxb6 Rxd4 24. g3 g6 25. h4 Kg7 26. Rb5
a4 27. b3 Kf6 28. Kg2 e5 29. bxa4 Rxa4 30. Rb3 Kf5 31. Rf3+ Ke6 1/2-1/2

[Event "Szuperliga - GM Szabo Laszlo"]
[Site "Paks"]
[Date "2023.12.10"]
[Round "3.4"]
[White "Acs, Peter"]
[Black "Prohaszka, Peter"]
[Result "1-0"]
[WhiteElo "2568"]
[BlackElo "2579"]
[PlyCount "79"]
[EventDate "2023.10.28"]
[EventType "team-tourn"]
[EventRounds "9"]
[EventCountry "HUN"]
[Source "chess.hu"]
[WhiteTeam "ASE Paks"]
[BlackTeam "Sentimento Ajka BSK"]
[WhiteTeamCountry "HUN"]
[BlackTeamCountry "HUN"]

1. e4 e5 2. Nf3 Nc6 3. Bb5 Nf6 4. O-O Nxe4 5. d4 Nd6 6. Bxc6 dxc6 7. dxe5 Nf5
8. Qxd8+ Kxd8 9. Nc3 Ke8 10. a3 h5 11. Rd1 Be7 12. Ne2 h4 13. h3 b6 14. Bg5 Bb7
15. Bxe7 Kxe7 16. Nf4 Rhd8 17. Ng5 c5 18. c3 Nh6 19. e6 f6 20. Ng6+ Ke8 21. Rd7
Rxd7 22. exd7+ Kd8 23. Ne6+ Kxd7 24. Nxg7 Be4 25. Nxh4 Kc6 26. Nh5 f5 27. f3
Bc2 28. Re1 Nf7 29. Ng6 Rd8 30. Re7 Rd1+ 31. Kh2 Nd6 32. Nhf4 Rd2 33. h4 Bb3
34. h5 Nf7 35. Ne5+ Nxe5 36. Rxe5 Kb5 37. Rxf5 Kc4 38. Re5 Bd1 39. h6 Rd7 40.
Rd5 1-0

[Event "Szuperliga - GM Szabo Laszlo"]
[Site "Paks"]
[Date "2023.12.10"]
[Round "3.5"]
[White "Balog, Imre"]
[Black "Sedlak, Nikola"]
[Result "1/2-1/2"]
[WhiteElo "2619"]
[BlackElo "2452"]
[PlyCount "157"]
[EventDate "2023.10.28"]
[EventType "team-tourn"]
[EventRounds "9"]
[EventCountry "HUN"]
[Source "chess.hu"]
[WhiteTeam "Sentimento Ajka BSK"]
[BlackTeam "ASE Paks"]
[WhiteTeamCountry "HUN"]
[BlackTeamCountry "HUN"]

1. d4 Nf6 2. c4 d6 3. Nc3 e5 4. d5 Be7 5. e4 a5 6. Bd3 Na6 7. Nf3 O-O 8. h3 c6
9. Be3 Bd7 10. O-O b6 11. a3 Qb8 12. Nd2 Qb7 13. Rb1 cxd5 14. exd5 Nc7 15. f4
exf4 16. Bxf4 b5 17. Kh1 bxc4 18. Nxc4 Ncxd5 19. Nxd5 Nxd5 20. Nxd6 Bxd6 21.
Bxd6 Ne3 22. Qf3 Qxf3 23. Rxf3 Rfe8 24. Bc5 Nd5 25. b4 axb4 26. axb4 Rab8 27.
Bc4 Be6 28. Ba6 h6 29. Kh2 Bd7 30. Rd1 Be6 31. Rd4 Nc7 32. Bf1 Rb7 33. Rfd3
Rbb8 34. Re3 Nb5 35. Rd2 Nc7 36. Re5 Rb7 37. Be2 Nb5 38. Re3 Rbb8 39. Bf3 Rec8
40. Rd1 Rc7 41. Kg3 Rcc8 42. Ra1 Nc7 43. Rd3 Nb5 44. Ra5 Bf5 45. Rd2 Be6 46.
Ra6 Bc4 47. Rc6 Rxc6 48. Bxc6 Rc8 49. Bd7 Ra8 50. Kf4 Nc3 51. Ke5 Bb5 52. Bxb5
Nxb5 53. Bb6 Ra6 54. Bc5 Kh7 55. Kd5 g5 56. Be3 Re6 57. Rd3 Kg6 58. Kc5 Nc7 59.
Bd2 f6 60. Bc3 Na6+ 61. Kc4 f5 62. b5 Nc7 63. Rd7 Nxb5 64. Kxb5 f4 65. Kc5 Kh5
66. Rd6 Re7 67. Bd4 Re2 68. Bg7 Kh4 69. Rxh6+ Kg3 70. Rg6 Rxg2 71. Rxg5+ Kxh3
72. Rh5+ Kg4 73. Rh8 f3 74. Rf8 Rc2+ 75. Kd4 f2 76. Kd3 Ra2 77. Bd4 Kg3 78.
Rxf2 Rxf2 79. Bxf2+ 1/2-1/2

[Event "Szuperliga - GM Szabo Laszlo"]
[Site "Paks"]
[Date "2023.12.10"]
[Round "3.6"]
[White "Popovic, Dusan"]
[Black "Dudin, Gleb"]
[Result "1-0"]
[WhiteElo "2497"]
[BlackElo "2545"]
[PlyCount "89"]
[EventDate "2023.10.28"]
[EventType "team-tourn"]
[EventRounds "9"]
[EventCountry "HUN"]
[Source "chess.hu"]
[WhiteTeam "ASE Paks"]
[BlackTeam "Sentimento Ajka BSK"]
[WhiteTeamCountry "HUN"]
[BlackTeamCountry "HUN"]

1. Nf3 c5 2. g3 Nc6 3. Bg2 g6 4. O-O Bg7 5. e4 d6 6. c3 e5 7. d3 Nge7 8. a3 O-O
9. b4 a6 10. Be3 b6 11. Qd2 Bg4 12. Ng5 h6 13. h3 Bd7 14. Nf3 Kh7 15. d4 exd4
16. cxd4 f5 17. Nc3 fxe4 18. Nxe4 d5 19. Nd6 cxb4 20. axb4 Qc7 21. b5 Qxd6 22.
bxc6 Nxc6 23. Bf4 Qe7 24. Rfe1 Qf7 25. Ne5 Nxe5 26. Bxe5 Bb5 27. Ra3 Rae8 28.
Rae3 Bc4 29. f4 a5 30. Bf3 Bxe5 31. fxe5 a4 32. Bd1 b5 33. e6 Qe7 34. Bc2 Qg5
35. h4 Qg4 36. e7 Rf6 37. h5 Kg7 38. Bxg6 Rxg6 39. hxg6 Qxg6 40. Qf2 Qg5 41.
Re5 Qg6 42. Re6 Qg5 43. R1e5 Qc1+ 44. Kg2 Bd3 45. Rf6 1-0

[Event "Szuperliga - GM Szabo Laszlo"]
[Site "Paks"]
[Date "2023.12.10"]
[Round "3.7"]
[White "Neugebauer, Martin"]
[Black "Fodor, Tamas Jr"]
[Result "1/2-1/2"]
[WhiteElo "2537"]
[BlackElo "2470"]
[PlyCount "138"]
[EventDate "2023.10.28"]
[EventType "team-tourn"]
[EventRounds "9"]
[EventCountry "HUN"]
[Source "chess.hu"]
[WhiteTeam "Sentimento Ajka BSK"]
[BlackTeam "ASE Paks"]
[WhiteTeamCountry "HUN"]
[BlackTeamCountry "HUN"]

1. e4 e5 2. Nf3 Nc6 3. Bb5 a6 4. Ba4 Nf6 5. O-O b5 6. Bb3 Bc5 7. d3 h6 8. a4
Rb8 9. axb5 axb5 10. c3 d6 11. d4 Bb6 12. h3 O-O 13. Re1 Re8 14. Na3 exd4 15.
Nxb5 Bb7 16. Nbxd4 Nxe4 17. Be3 Nxd4 18. Nxd4 Qf6 19. Bc2 d5 20. f3 Nd6 21. Qd3
g6 22. b4 h5 23. Bf2 Qg5 24. Bb3 h4 25. Be3 Qg3 26. Bf2 Qg5 27. Be3 Qh5 28. Kh1
Nc4 29. Bf4 Ne5 30. Qe2 f6 31. Qd2 Kg7 32. Bh2 Rbd8 33. f4 Bxd4 34. Qxd4 Nc6
35. Qc5 d4 36. Qxh5 gxh5 37. Rxe8 Rxe8 38. b5 Ne7 39. Ra7 Nf5 40. Kg1 Ng3 41.
Bc4 dxc3 42. Rxb7 Re1+ 43. Kf2 c2 44. Rxc7+ Kf8 45. Bd5 c1=Q 46. Rxc1 Rxc1 47.
Bxg3 Rc2+ 48. Kf3 hxg3 49. b6 Ke7 50. b7 Rb2 51. Kxg3 Kd6 52. Bf3 Kc7 53. Kh4
Rb5 54. g4 Rb3 55. Bg2 hxg4 56. Kxg4 f5+ 57. Kxf5 Rg3 58. Be4 Rxh3 59. Ke5 Rh8
60. f5 Re8+ 61. Kf4 Rf8 62. Kg5 Rg8+ 63. Kf6 Rf8+ 64. Kg6 Re8 65. Bf3 Re3 66.
Bc6 Rc3 67. Bd5 Rd3 68. Be4 Rg3+ 69. Kh7 Re3 1/2-1/2

[Event "Szuperliga - GM Szabo Laszlo"]
[Site "Paks"]
[Date "2023.12.10"]
[Round "3.8"]
[White "Krstulovic, Alex"]
[Black "Korpa, Bence"]
[Result "0-1"]
[WhiteElo "2429"]
[BlackElo "2535"]
[PlyCount "96"]
[EventDate "2023.10.28"]
[EventType "team-tourn"]
[EventRounds "9"]
[EventCountry "HUN"]
[Source "chess.hu"]
[WhiteTeam "ASE Paks"]
[BlackTeam "Sentimento Ajka BSK"]
[WhiteTeamCountry "HUN"]
[BlackTeamCountry "HUN"]

1. d4 Nf6 2. Nf3 g6 3. c4 Bg7 4. Nc3 O-O 5. e4 d6 6. Be2 e5 7. O-O Nbd7 8. Qc2
c6 9. d5 c5 10. Bg5 h6 11. Bd2 Nh7 12. g3 Ng5 13. Nxg5 hxg5 14. g4 Nb6 15. h3
Bd7 16. Be3 f5 17. f3 Qe7 18. Kg2 Rf7 19. a3 Raf8 20. b4 Nc8 21. Qd2 b6 22.
Bxg5 Bf6 23. h4 Rh7 24. Rh1 f4 25. Bxf6 Qxf6 26. g5 Qe7 27. Qe1 Kf7 28. Qf2
Rfh8 29. Rag1 Rxh4 30. Rxh4 Qxg5+ 31. Rg4 Bxg4 32. Kf1 Bh3+ 33. Ke1 Qd8 34. Rh1
Bd7 35. Qg2 Rxh1+ 36. Qxh1 Kg7 37. Qh2 Qg5 38. Kf2 Qh6 39. Kg1 Qxh2+ 40. Kxh2
g5 41. Bf1 cxb4 42. axb4 a5 43. b5 g4 44. Be2 gxf3 45. Bxf3 Kh6 46. Kg2 Kg5 47.
Kf2 Bg4 48. Bg2 Kf6 0-1

[Event "Szuperliga - GM Szabo Laszlo"]
[Site "Paks"]
[Date "2023.12.10"]
[Round "3.9"]
[White "Pasti, Aron"]
[Black "Lazarne Vajda, Szidonia"]
[Result "0-1"]
[WhiteElo "2410"]
[BlackElo "2256"]
[PlyCount "96"]
[EventDate "2023.10.28"]
[EventType "team-tourn"]
[EventRounds "9"]
[EventCountry "HUN"]
[Source "chess.hu"]
[WhiteTeam "Sentimento Ajka BSK"]
[BlackTeam "ASE Paks"]
[WhiteTeamCountry "HUN"]
[BlackTeamCountry "HUN"]

1. e4 e5 2. Nf3 Nc6 3. Bb5 Nf6 4. d3 Bc5 5. c3 O-O 6. O-O d5 7. Nbd2 Bg4 8. h3
Bxf3 9. Qxf3 Ne7 10. exd5 Qxd5 11. Bc4 Qxf3 12. Nxf3 e4 13. d4 exf3 14. dxc5
fxg2 15. Kxg2 Rfe8 16. Bf4 Ned5 17. Bg3 Re4 18. Bb3 Rae8 19. Kf3 c6 20. a3 g5
21. Rad1 h5 22. Bd6 Re2 23. Bxd5 cxd5 24. b4 Ra2 25. Ra1 Ree2 26. Rxa2 Rxa2 27.
Ke3 Ne4 28. Kd4 Rd2+ 29. Ke5 Nxc3 30. Rg1 Kh7 31. Rxg5 f6+ 32. Kxf6 Ne4+ 33.
Kf5 Nxg5 34. Kxg5 Rxf2 35. Be5 Rf3 36. b5 Rxa3 37. c6 bxc6 38. bxc6 Ra6 39. c7
Rc6 40. Kxh5 a5 41. Kg5 a4 42. Bd6 d4 43. Kf4 d3 44. Bb4 Rxc7 45. Ke3 Rb7 46.
Bc3 a3 47. Kxd3 a2 48. Kc2 Rc7 0-1

[Event "Szuperliga - GM Szabo Laszlo"]
[Site "Paks"]
[Date "2023.12.10"]
[Round "3.10"]
[White "Tancsa, Tamas"]
[Black "Gaal, Zsoka"]
[Result "1/2-1/2"]
[WhiteElo "2337"]
[BlackElo "2325"]
[PlyCount "61"]
[EventDate "2023.10.28"]
[EventType "team-tourn"]
[EventRounds "9"]
[EventCountry "HUN"]
[Source "chess.hu"]
[WhiteTeam "ASE Paks"]
[BlackTeam "Sentimento Ajka BSK"]
[WhiteTeamCountry "HUN"]
[BlackTeamCountry "HUN"]

1. e4 e5 2. Nf3 Nc6 3. Bc4 Nf6 4. d4 exd4 5. O-O Nxe4 6. Re1 d5 7. Bxd5 Qxd5 8.
Nc3 Qh5 9. Nxe4 Be7 10. Bg5 Be6 11. Bxe7 Nxe7 12. Neg5 O-O-O 13. Nxe6 fxe6 14.
Nxd4 Qh4 15. Nf3 Rxd1 16. Nxh4 Rxa1 17. Rxa1 Nc6 18. c3 Ne5 19. Re1 Rd8 20. g3
Rd5 21. Kg2 Kd7 22. Nf3 Nxf3 23. Kxf3 Rf5+ 24. Ke3 Re5+ 25. Kd2 Rd5+ 26. Ke2
Re5+ 27. Kd2 Rd5+ 28. Ke2 Re5+ 29. Kd2 Rd5+ 30. Ke2 Re5+ 31. Kd2 1/2-1/2

[Event "Szuperliga - GM Szabo Laszlo"]
[Site "Nagykanizsa"]
[Date "2023.12.10"]
[Round "3.2"]
[White "Kantor, Gergely"]
[Black "Cop, Tomislav"]
[Result "1-0"]
[WhiteElo "2531"]
[BlackElo "2319"]
[PlyCount "59"]
[EventDate "2023.10.28"]
[EventType "team-tourn"]
[EventRounds "9"]
[EventCountry "HUN"]
[Source "chess.hu"]
[WhiteTeam "Tuxera ANSK"]
[BlackTeam "Tapolca Varosi VSE"]
[WhiteTeamCountry "HUN"]
[BlackTeamCountry "HUN"]

1. e4 c6 2. d4 d5 3. e5 Bf5 4. h4 h5 5. Bd3 Bxd3 6. Qxd3 Qa5+ 7. Nd2 e6 8. Ne2
c5 9. c4 dxc4 10. Qxc4 Nc6 11. O-O cxd4 12. Nxd4 Nxd4 13. Qxd4 Rd8 14. Qe4 Qb4
15. Nc4 Rd5 16. Bd2 Qb5 17. Rac1 Qd7 18. Be3 b5 19. Na5 Be7 20. Nc6 Bd8 21. Nb4
Ne7 22. Nxd5 Nxd5 23. Bc5 Be7 24. Bxe7 Kxe7 25. Rc5 g6 26. Rfc1 Rb8 27. Qd4 Rd8
28. Rc6 Qb7 29. Qc5+ Ke8 30. Rc8 1-0

[Event "Szuperliga - GM Szabo Laszlo"]
[Site "Nagykanizsa"]
[Date "2023.12.10"]
[Round "3.3"]
[White "Buzas, Bertalan"]
[Black "Antal, Gergely"]
[Result "0-1"]
[WhiteElo "2255"]
[BlackElo "2569"]
[PlyCount "72"]
[EventDate "2023.10.28"]
[EventType "team-tourn"]
[EventRounds "9"]
[EventCountry "HUN"]
[Source "chess.hu"]
[WhiteTeam "Tapolca Varosi VSE"]
[BlackTeam "Tuxera ANSK"]
[WhiteTeamCountry "HUN"]
[BlackTeamCountry "HUN"]

1. d4 Nf6 2. c4 g6 3. g3 Bg7 4. Bg2 O-O 5. Nc3 Nc6 6. Nf3 d5 7. cxd5 Nxd5 8.
O-O Nb6 9. e3 Re8 10. Qe2 e5 11. dxe5 Nxe5 12. Rd1 Nxf3+ 13. Bxf3 Qe7 14. Bd2
c6 15. Rac1 Be6 16. b3 a5 17. Ne4 Bf5 18. Nc5 Bb2 19. e4 Bxc1 20. Rxc1 Nd7 21.
Nxd7 Qxd7 22. Bc3 Qe7 23. Re1 Be6 24. Qe3 a4 25. h4 axb3 26. axb3 f6 27. Qf4
Rf8 28. Kg2 Ra2 29. e5 fxe5 30. Qxe5 Bh3+ 31. Kxh3 Qxe5 32. Bxe5 Rxf3 33. Bf4
Rfxf2 34. Kg4 Ra5 35. Bc7 h5+ 36. Kh3 Raa2 0-1

[Event "Szuperliga - GM Szabo Laszlo"]
[Site "Nagykanizsa"]
[Date "2023.12.10"]
[Round "3.4"]
[White "Markus, Robert"]
[Black "Istvandi, Lajos"]
[Result "1-0"]
[WhiteElo "2591"]
[BlackElo "2232"]
[PlyCount "85"]
[EventDate "2023.10.28"]
[EventType "team-tourn"]
[EventRounds "9"]
[EventCountry "HUN"]
[Source "chess.hu"]
[WhiteTeam "Tuxera ANSK"]
[BlackTeam "Tapolca Varosi VSE"]
[WhiteTeamCountry "HUN"]
[BlackTeamCountry "HUN"]

1. Nf3 Nf6 2. g3 c5 3. Bg2 Nc6 4. O-O g6 5. d3 Bg7 6. e4 d6 7. h3 O-O 8. c3 Rb8
9. a4 a6 10. Qe2 Nd7 11. Rd1 b5 12. axb5 axb5 13. d4 b4 14. Be3 bxc3 15. bxc3
cxd4 16. cxd4 Nb6 17. Nc3 Bd7 18. Rac1 Na5 19. e5 Nac4 20. Bf4 Rc8 21. Ne4 Bf5
22. Nc5 Qe8 23. g4 Bd7 24. Nxd7 Qxd7 25. Ng5 d5 26. e6 fxe6 27. Nxe6 Rf6 28.
Nc5 Qd8 29. Bg5 Rf7 30. Ne6 Qd6 31. Bh4 h6 32. Bg3 Qd7 33. h4 Rc6 34. Re1 Bf6
35. g5 hxg5 36. hxg5 Bg7 37. Bh3 Qe8 38. Qd3 Kh7 39. Kg2 Nd6 40. Rxc6 Qxc6 41.
Nd8 Qe8 42. Nxf7 Nxf7 43. Rh1 1-0

[Event "Szuperliga - GM Szabo Laszlo"]
[Site "Nagykanizsa"]
[Date "2023.12.10"]
[Round "3.5"]
[White "Acs, Marton"]
[Black "Medvegy, Zoltan"]
[Result "0-1"]
[WhiteElo "2157"]
[BlackElo "2501"]
[PlyCount "136"]
[EventDate "2023.10.28"]
[EventType "team-tourn"]
[EventRounds "9"]
[EventCountry "HUN"]
[Source "chess.hu"]
[WhiteTeam "Tapolca Varosi VSE"]
[BlackTeam "Tuxera ANSK"]
[WhiteTeamCountry "HUN"]
[BlackTeamCountry "HUN"]

1. Nf3 Nf6 2. g3 b6 3. Bg2 Bb7 4. O-O e6 5. d4 Be7 6. c4 O-O 7. Nc3 Ne4 8. Bd2
Bf6 9. Rc1 Nxd2 10. Qxd2 d6 11. e4 g6 12. Rfd1 Bg7 13. b4 a5 14. a3 Qe7 15. Re1
Nd7 16. h4 Rfd8 17. Qb2 Ba6 18. Qb3 c5 19. d5 Bxc3 20. Qxc3 e5 21. Bh3 Nf6 22.
bxa5 bxa5 23. Rb1 Qc7 24. Nd2 Bc8 25. Bxc8 Qxc8 26. Rb5 a4 27. Qf3 Kg7 28. Reb1
Ra7 29. Nf1 h5 30. Kg2 Qd7 31. Qe2 Qe7 32. f3 Ng8 33. Qb2 Nh6 34. Ne3 Kh7 35.
Rb8 Rxb8 36. Qxb8 f5 37. exf5 gxf5 38. Qc8 Qd7 39. Qf8 f4 40. gxf4 Qg7+ 41.
Qxg7+ Rxg7+ 42. Kf2 exf4 43. Ng2 Rf7 44. Rb6 Nf5 45. Nxf4 Nxh4 46. Ke3 Nf5+ 47.
Kd3 h4 48. Ne6 Kg6 49. Rb8 Ng7 50. Ke4 Re7 51. Rh8 Nxe6 52. dxe6 Rxe6+ 53. Kf4
Re1 54. Rxh4 Rc1 55. Kg3 Rc3 56. Re4 Kf5 57. Rf4+ Ke6 58. Kf2 Rxa3 59. Ke2 Rb3
60. Rf8 Rc3 61. Re8+ Kf7 62. Re4 a3 63. Kd2 a2 64. Kxc3 a1=Q+ 65. Kd3 Qa3+ 66.
Ke2 Kf6 67. Kf2 Qd3 68. Kg3 Qxe4 0-1

[Event "Szuperliga - GM Szabo Laszlo"]
[Site "Nagykanizsa"]
[Date "2023.12.10"]
[Round "3.6"]
[White "Aczel, Gergely"]
[Black "Kassay, Krisztian"]
[Result "1-0"]
[WhiteElo "2496"]
[BlackElo "2131"]
[PlyCount "47"]
[EventDate "2023.10.28"]
[EventType "team-tourn"]
[EventRounds "9"]
[EventCountry "HUN"]
[Source "chess.hu"]
[WhiteTeam "Tuxera ANSK"]
[BlackTeam "Tapolca Varosi VSE"]
[WhiteTeamCountry "HUN"]
[BlackTeamCountry "HUN"]

1. d4 Nf6 2. c4 e6 3. Nc3 Bb4 4. e3 Bxc3+ 5. bxc3 d6 6. Bd3 O-O 7. e4 e5 8. Ne2
Nbd7 9. O-O Re8 10. Ng3 Nf8 11. f4 h6 12. Qf3 N8h7 13. h3 Qe7 14. c5 exf4 15.
Bxf4 Ng5 16. Bxg5 hxg5 17. Rab1 g4 18. hxg4 Bxg4 19. Qf4 b6 20. cxd6 cxd6 21.
Rb5 Rac8 22. Rg5 Rxc3 23. Bb5 Bd7 24. Bxd7 1-0

[Event "Szuperliga - GM Szabo Laszlo"]
[Site "Nagykanizsa"]
[Date "2023.12.10"]
[Round "3.7"]
[White "Juhasz, Judit"]
[Black "Horvath, Csaba"]
[Result "0-1"]
[WhiteElo "1950"]
[BlackElo "2492"]
[PlyCount "156"]
[EventDate "2023.10.28"]
[EventType "team-tourn"]
[EventRounds "9"]
[EventCountry "HUN"]
[Source "chess.hu"]
[WhiteTeam "Tapolca Varosi VSE"]
[BlackTeam "Tuxera ANSK"]
[WhiteTeamCountry "HUN"]
[BlackTeamCountry "HUN"]

1. e4 c5 2. Nf3 e6 3. d4 cxd4 4. Nxd4 a6 5. Nc3 b5 6. Bd3 Bb7 7. O-O Nc6 8.
Nxc6 Bxc6 9. a4 b4 10. Nb1 Nf6 11. Qe2 a5 12. Bf4 Be7 13. Nd2 O-O 14. Nb3 Qb6
15. Rfe1 d6 16. Qf3 Rfe8 17. Qh3 e5 18. Bg5 Nd7 19. Be3 Qb7 20. Nd2 Nf8 21. f4
exf4 22. Bxf4 Ng6 23. Bg3 Ne5 24. Bxe5 dxe5 25. Qe3 Qa7 26. Qxa7 Rxa7 27. Kf1
Bc5 28. b3 Kf8 29. Rad1 Ke7 30. Nf3 f6 31. g3 Rd8 32. Nd2 Bd7 33. Kg2 Bg4 34.
Nf3 Rad7 35. h3 Be6 36. Be2 Bd4 37. Bb5 Rd6 38. Re2 Bc3 39. Rxd6 Rxd6 40. Nh2
Rd1 41. Nf3 Kd6 42. Ba6 Kc5 43. Bb5 Bc8 44. Rf2 f5 45. Bd3 fxe4 46. Bxe4 h6 47.
g4 Ba6 48. h4 Bc8 49. g5 hxg5 50. hxg5 Ba6 51. g6 Be1 52. Nxe1 Rxe1 53. Kf3 Rf1
54. Rxf1 Bxf1 55. Ke3 Ba6 56. Bf5 Bb7 57. Be6 Kd6 58. Bf5 Bd5 59. Kd3 Kc5 60.
Bg4 Bc6 61. Bf5 Bg2 62. Be6 e4+ 63. Ke3 Kd6 64. Bc8 Ke5 65. Bd7 Bf3 66. Bc6 Kf5
67. Be8 Bd1 68. Kd2 Bh5 69. Ke3 Bxg6 70. Bxg6+ Kxg6 71. Kxe4 Kf6 72. c4 bxc3
73. Kd3 Ke5 74. Kxc3 g5 75. b4 axb4+ 76. Kxb4 g4 77. a5 Kd6 78. Kb5 g3 0-1

[Event "Szuperliga - GM Szabo Laszlo"]
[Site "Nagykanizsa"]
[Date "2023.12.10"]
[Round "3.8"]
[White "Galyas, Miklos"]
[Black "Marton, Jozsef"]
[Result "1-0"]
[WhiteElo "2444"]
[BlackElo "1995"]
[PlyCount "49"]
[EventDate "2023.10.28"]
[EventType "team-tourn"]
[EventRounds "9"]
[EventCountry "HUN"]
[Source "chess.hu"]
[WhiteTeam "Tuxera ANSK"]
[BlackTeam "Tapolca Varosi VSE"]
[WhiteTeamCountry "HUN"]
[BlackTeamCountry "HUN"]

1. c4 e6 2. Nf3 Nf6 3. Nc3 d5 4. e3 c5 5. cxd5 exd5 6. d4 Nc6 7. Bb5 a6 8.
Bxc6+ bxc6 9. O-O Be7 10. dxc5 Bxc5 11. b3 Bg4 12. Bb2 O-O 13. Ne2 Bxf3 14.
gxf3 Qd6 15. Ng3 Qe6 16. Kh1 Bd6 17. Rc1 Bxg3 18. hxg3 Rac8 19. Kg2 Rfd8 20.
Qd4 Ne8 21. Rc5 f6 22. Rfc1 Rd6 23. Qa4 Qd7 24. Qxa6 Nc7 25. Qb7 1-0